<?xml version="1.0" encoding="UTF-8"?>
<record
    xmlns:xsi="http://www.w3.org/2001/XMLSchema-instance"
    xsi:schemaLocation="http://www.loc.gov/MARC21/slim http://www.loc.gov/standards/marcxml/schema/MARC21slim.xsd"
    xmlns="http://www.loc.gov/MARC21/slim">

  <leader>02885nam a2200361 a 4500</leader>
  <controlfield tag="001">50369</controlfield>
  <controlfield tag="003">BD-RjUL</controlfield>
  <controlfield tag="005">20211209075510.0</controlfield>
  <controlfield tag="008">160824s2004    dcua     b   i001 0 eng  </controlfield>
  <datafield tag="020" ind1=" " ind2=" ">
    <subfield code="a">082135485X</subfield>
  </datafield>
  <datafield tag="035" ind1=" " ind2=" ">
    <subfield code="a">(BD-RjUL)50489</subfield>
  </datafield>
  <datafield tag="040" ind1=" " ind2=" ">
    <subfield code="a">DLC</subfield>
    <subfield code="c">DLC</subfield>
    <subfield code="d">C#P</subfield>
    <subfield code="d">BD-RjUL</subfield>
    <subfield code="b">eng</subfield>
  </datafield>
  <datafield tag="041" ind1=" " ind2=" ">
    <subfield code="a">eng</subfield>
  </datafield>
  <datafield tag="082" ind1="0" ind2="0">
    <subfield code="a">382.41</subfield>
    <subfield code="2">23</subfield>
    <subfield code="b">AGR 2004</subfield>
  </datafield>
  <datafield tag="245" ind1="0" ind2="0">
    <subfield code="a">Agriculture and the WTO :</subfield>
    <subfield code="b">creating a trading system for development /</subfield>
    <subfield code="c">Merlinda D. Ingco and John D. Nash, editors.</subfield>
  </datafield>
  <datafield tag="260" ind1=" " ind2=" ">
    <subfield code="a">Washington, DC :</subfield>
    <subfield code="b">World Bank,</subfield>
    <subfield code="c">c2004</subfield>
  </datafield>
  <datafield tag="300" ind1=" " ind2=" ">
    <subfield code="a">xvii, 366 p. :</subfield>
    <subfield code="b">ill. ;</subfield>
    <subfield code="c">28 cm.</subfield>
  </datafield>
  <datafield tag="500" ind1=" " ind2=" ">
    <subfield code="a">"A copublication of the World Bank and Oxford University Press."</subfield>
  </datafield>
  <datafield tag="504" ind1=" " ind2=" ">
    <subfield code="a">Includes bibliographical references and index.</subfield>
  </datafield>
  <datafield tag="505" ind1="0" ind2=" ">
    <subfield code="a">What's at stake : developing-country interests in the DOHA development round / Merlinda D. Ingco, John D. Nash -- Trade agreements : achievements and issues ahead / Merlinda D. Ingco, John Croome -- Export competition policies / Harry de Gorter, Lilian Ruiz, Merlinda D. Ingco -- Market access : economics and the effects of policy instruments / Harry de Gorter, Merlinda D. Ingco, Laura Ignacio -- Quota administration methods : economics and effects with trade liberalization / Harry de Gorter, Jana Hranaiova -- Domestic support : economics and policy instruments / Harry de Gorter, Merlinda D. Ingco, Laura Ignacio -- The distributional effects of agricultural policy reforms / Harry de Gorter, Merlinda D. Ingco, Cameron Short -- The multifunctionality of agriculture and its implications for policy / David Vanzetti, Els Wynen -- Food security and agricultural trade policy reform / Merlinda D. Ingco, Donald Mitchell, John D. Nash -- Managing potential adverse impacts of agricultural trade liberalization / William Foster, Alberto Vald&#xE9;s -- The sanitary and phytosanitary agreement, food safety policies, and product attributes / Simonetta Zarrilli with Irene Musselli -- Agricultural biotechnology : a primer for policymakers / Donald J. MacKenzie, Morven A. McLean -- Global intellectual property rights : a new factor in farming / Geoff Tansey -- Rules and options for special and differential treatment / Constantine Michalopoulos -- Special trade arrangements to improve market access / Helen Freeman.</subfield>
  </datafield>
  <datafield tag="610" ind1="2" ind2="0">
    <subfield code="a">World Trade Organization.</subfield>
    <subfield code="9">150951</subfield>
  </datafield>
  <datafield tag="650" ind1=" " ind2="0">
    <subfield code="a">Tariff on farm produce.</subfield>
    <subfield code="9">150939</subfield>
  </datafield>
  <datafield tag="650" ind1=" " ind2="0">
    <subfield code="a">Produce trade</subfield>
    <subfield code="x">Government policy.</subfield>
    <subfield code="9">150940</subfield>
  </datafield>
  <datafield tag="650" ind1=" " ind2="0">
    <subfield code="a">Export subsidies.</subfield>
    <subfield code="9">139304</subfield>
  </datafield>
  <datafield tag="650" ind1=" " ind2="0">
    <subfield code="a">Free trade.</subfield>
    <subfield code="9">150941</subfield>
  </datafield>
  <datafield tag="650" ind1=" " ind2="0">
    <subfield code="a">Produce trade</subfield>
    <subfield code="z">Developing countries.</subfield>
    <subfield code="9">134798</subfield>
  </datafield>
  <datafield tag="650" ind1=" " ind2="0">
    <subfield code="a">Agriculture</subfield>
    <subfield code="x">Economic aspects</subfield>
    <subfield code="z">Developing countries.</subfield>
    <subfield code="9">150942</subfield>
  </datafield>
  <datafield tag="650" ind1=" " ind2="0">
    <subfield code="a">Globalization</subfield>
    <subfield code="x">Economic aspects</subfield>
    <subfield code="z">Developing countries.</subfield>
    <subfield code="9">150943</subfield>
  </datafield>
  <datafield tag="651" ind1=" " ind2="0">
    <subfield code="a">Developing countries</subfield>
    <subfield code="x">Economic conditions</subfield>
    <subfield code="y">21st century.</subfield>
    <subfield code="9">150944</subfield>
  </datafield>
  <datafield tag="700" ind1="1" ind2=" ">
    <subfield code="a">Ingco, Merlinda D.</subfield>
    <subfield code="9">150945</subfield>
  </datafield>
  <datafield tag="700" ind1="1" ind2=" ">
    <subfield code="a">Nash, John,</subfield>
    <subfield code="d">1953-</subfield>
    <subfield code="9">150946</subfield>
  </datafield>
  <datafield tag="942" ind1=" " ind2=" ">
    <subfield code="2">ddc</subfield>
    <subfield code="c">BK</subfield>
  </datafield>
  <datafield tag="999" ind1=" " ind2=" ">
    <subfield code="c">50369</subfield>
    <subfield code="d">50369</subfield>
  </datafield>
  <datafield tag="952" ind1=" " ind2=" ">
    <subfield code="0">0</subfield>
    <subfield code="1">0</subfield>
    <subfield code="2">ddc</subfield>
    <subfield code="4">0</subfield>
    <subfield code="7">0</subfield>
    <subfield code="8">NFIC</subfield>
    <subfield code="a">RUCL</subfield>
    <subfield code="b">RUCL</subfield>
    <subfield code="c">Stack</subfield>
    <subfield code="d">2007-06-12</subfield>
    <subfield code="e">Dgaka paragon enterprise ltd</subfield>
    <subfield code="g">45.00</subfield>
    <subfield code="l">0</subfield>
    <subfield code="o">382.41 AGR 2004</subfield>
    <subfield code="r">2016-08-24 00:00:00</subfield>
    <subfield code="t">C-2</subfield>
    <subfield code="w">2016-08-24</subfield>
    <subfield code="y">BK</subfield>
  </datafield>
  <datafield tag="952" ind1=" " ind2=" ">
    <subfield code="0">0</subfield>
    <subfield code="1">0</subfield>
    <subfield code="2">ddc</subfield>
    <subfield code="4">0</subfield>
    <subfield code="7">1</subfield>
    <subfield code="8">NFIC</subfield>
    <subfield code="a">RUCL</subfield>
    <subfield code="b">RUCL</subfield>
    <subfield code="c">Reading</subfield>
    <subfield code="d">2006-05-29</subfield>
    <subfield code="e">Paragogn Enterprise, Dhaka</subfield>
    <subfield code="g">45.00</subfield>
    <subfield code="l">0</subfield>
    <subfield code="o">382.41 AGR 2004</subfield>
    <subfield code="r">2017-01-04 00:00:00</subfield>
    <subfield code="t">C-1</subfield>
    <subfield code="w">2017-01-04</subfield>
    <subfield code="y">BK</subfield>
  </datafield>
</record>
